High content screening : Science, techniques and applications
The authoritative reference on High Content Screening (HCS) in biological and pharmaceutical research, this guide covers: the basics of HCS: examples of HCS used in biological applications and early drug discovery, emphasizing oncology and neuroscience; the use of HCS across the drug development pip...
Đã lưu trong:
| Format: | Bog |
|---|---|
| Sprog: | Undetermined |
| Udgivet: |
Hoboken, N.J.
Wiley-Interscience
2008
|
| Fag: | |
| Tags: |
Tilføj Tag
Ingen Tags, Vær først til at tagge denne postø!
|
| Thư viện lưu trữ: | Trung tâm Học liệu Trường Đại học Cần Thơ |
|---|
| LEADER | 01181nam a2200229Ia 4500 | ||
|---|---|---|---|
| 001 | CTU_164757 | ||
| 008 | 210402s9999 xx 000 0 und d | ||
| 020 | |c 145 | ||
| 082 | |a 615.19 | ||
| 082 | |b H638 | ||
| 245 | 0 | |a High content screening : | |
| 245 | 0 | |b Science, techniques and applications | |
| 245 | 0 | |c Edited by Steven A. Haney | |
| 260 | |a Hoboken, N.J. | ||
| 260 | |b Wiley-Interscience | ||
| 260 | |c 2008 | ||
| 520 | |a The authoritative reference on High Content Screening (HCS) in biological and pharmaceutical research, this guide covers: the basics of HCS: examples of HCS used in biological applications and early drug discovery, emphasizing oncology and neuroscience; the use of HCS across the drug development pipeline; and data management, data analysis, and systems biology, with guidelines for using large datasets. With an accompanying CD-ROM, this is the premier reference on HCS for researchers, lab managers, and graduate students. | ||
| 650 | |a Biological systems,Computational biology,Drug design,Combinatorial chemistry | ||
| 650 | |x Research | ||
| 650 | |y Methodology | ||
| 904 | |i Giang | ||
| 980 | |a Trung tâm Học liệu Trường Đại học Cần Thơ | ||